| 000 | 00763cam a22002531 4500 | ||
|---|---|---|---|
| 001 | sa 65007722 | ||
| 003 | DLC | ||
| 005 | 20260227112150.0 | ||
| 008 | 890724s1965 ii b 000 0 hino | ||
| 010 | _asa 65007722 | ||
| 035 | _a(OCoLC)20061659 | ||
| 040 |
_aDLC _cWaU _dNRU _dDLC |
||
| 042 | _apremarc | ||
| 050 | 0 | 0 |
_aPK2095.S8 _bZ74 |
| 100 | 1 |
_aMishra, Bhagawat Svaroop, _d1920- |
|
| 245 | 1 | 0 |
_aSūra kī sāhitya sādhanā. _cSampādaka Bhagawatsvarūpa Mishra evaṃ Viśvambhara 'Aruṇa.' |
| 250 | _a[Prathamāvr̥ti] | ||
| 260 |
_aĀgarā, _bŚivalāla Agravāla _c[1965] |
||
| 300 |
_a7, 410 p. _c23 cm. |
||
| 500 | _aIn Hindi. | ||
| 504 | _aBibliographical footnotes. | ||
| 600 | 0 | 0 |
_aSūradāsa, _d1483?-1563? |
| 700 | 1 | _aAruṇa, Viśvambhara. | |
| 999 |
_c65321 _d65321 |
||